How To Deal With Difficult People (Record no. 300206)

MARC details
000 -LEADER
fixed length control field 00386nam a2200145Ia 4500
008 - FIXED-LENGTH DATA ELEMENTS--GENERAL INFORMATION
fixed length control field 230718s9999 xx 000 0 und d
041 ## - LANGUAGE CODE
Language code of text/sound track or separate title eng
082 ## - DEWEY DECIMAL CLASSIFICATION NUMBER
Classification number 658
Item number MAR
100 ## - MAIN ENTRY--PERSONAL NAME
Personal name Markham U.
9 (RLIN) 145758
245 ## - TITLE STATEMENT
Title How To Deal With Difficult People
260 ## - PUBLICATION, DISTRIBUTION, ETC. (IMPRINT)
Date of publication, distribution, etc. 1997
Name of publisher, distributor, etc. Harper And Rao
365 ## - TRADE PRICE
Currency code Rs.
Price amount 95.00
700 ## - ADDED ENTRY--PERSONAL NAME
Personal name Markham U.
9 (RLIN) 145758
906 ## - LOCAL DATA ELEMENT F, LDF (RLIN)
d B:368121-Mar-2000
c MGMT
b 14.25
Holdings
Withdrawn status Lost status Damaged status Not for loan Home library Current library Date acquired Vendor Budget Code Cost, normal purchase price Bill number Total Checkouts Full call number Barcode Date last seen Discount Cost, replacement price Bill Date Koha item type Original Barcode
        Cummins College of Engineering for Women Pune Cummins College of Engineering for Women Pune 28/03/2000 Tbs MGMT 80.75 3681   658 CCEP-BK-11412 18/07/2023 14.25 95.00 21/03/2000 Books 011412